000 00510nam a2200169Ia 4500
003 GCL
008 140319s9999 xx 000 0 ara d
040 _aGCL /
_cGCL
082 0 4 _a241
_bف ك
100 1 _aفتح الله خليف
245 1 0 _aكتاب التوحيد للامام ابى منصور الماتريدى /
_cفتح الله خليف
300 _a411 ص
490 _aكتاب
_v0
650 0 4 _aالتصوف الاسلامى
650 0 4 _aالثقافة الاسلامية
942 _2ddc
_cBK
999 _c41436
_d41436